000 00495nam a2200181Ia 4500
003 LDD
008 190117s9999 xx 000 0 und d
020 _c₹200
040 _cLDD
041 _ahi
082 _a8H0.7 भा6404
100 _aनगेन्द्र
245 0 _aभारतीय साहित्य
_cनगेन्द्र
246 _aBhartiya sahitya
260 _aदिल्ली
_bप्रभात
_c1987
300 _axxxii,628पृ.
942 _2ddc
_cH
999 _c161878
_d161878